The 7 most powerful selling secrets (Record no. 3777)

MARC details
000 -LEADER
fixed length control field 00752 a2200217 4500
010 ## - LIBRARY OF CONGRESS CONTROL NUMBER
LC control number ENG-85948
020 ## - INTERNATIONAL STANDARD BOOK NUMBER
International Standard Book Number 8120332096
Terms of availability 150.00
035 ## - SYSTEM CONTROL NUMBER
System control number EN-69481
037 ## - SOURCE OF ACQUISITION
Source of stock number/acquisition D.B.Act / Pub
082 14 - DEWEY DECIMAL CLASSIFICATION NUMBER
Classification number 658.81
090 ## - LOCALLY ASSIGNED LC-TYPE CALL NUMBER (OCLC); LOCAL CALL NUMBER (OCLC)
-- 3855
-- 3855
100 1# - MAIN ENTRY--PERSONAL NAME
Personal name Livesay, John
245 1# - TITLE STATEMENT
Title The 7 most powerful selling secrets
Statement of responsibility, etc by John Livesay edited by Rom Kraft
Remainder of title soar your way to sucess with integrity, passion and joy
260 ## - PUBLICATION, DISTRIBUTION, ETC. (IMPRINT)
Place of publication, distribution, etc New Delhi
Name of publisher, distributor, etc Prentice Hall of India
Date of publication, distribution, etc 2007
270 ## - ADDRESS
Address M-97, Cannaught Circus
City New Delhi
Postal code 110 001
300 ## - PHYSICAL DESCRIPTION
Extent xiii, 115 p.
Other physical details 22 cm. (Pbk.)
500 ## - GENERAL NOTE
General note Includes index
700 1# - ADDED ENTRY--PERSONAL NAME
Personal name Kraft, Ron
942 ## - ADDED ENTRY ELEMENTS (KOHA)
Institution code [OBSOLETE] dpl
Koha item type English Books
Call number prefix 658.81 / LIV
Holdings
Withdrawn status Lost status Source of classification or shelving scheme Damaged status Not for loan Collection code Home library Current library Source of acquisition Cost, normal purchase price Total Checkouts Full call number Barcode Date last seen Copy number Uniform Resource Identifier Cost, replacement price Price effective from Koha item type
    Dewey Decimal Classification   Not For Loan Non-fiction D.B.Act.Division D.B.Act.Division DBAD/PUB 150.00   658.81 EN-69481 15/09/2008 1 4012 150.00 15/09/2008 English Books

© Delhi Public Library
Hit Counter
free hit counter